The last of the Mohicans

Bibliographic Details
Main Author: Cooper, James Fenimore
Other Authors: Humphris, Frank (illustrated)
Format: Book
Published: Loughborough : Ladybird Books , 19--?
Series:Ladybird children's classics
Subjects:

MARC

LEADER 00000cam a2200000 7i4500
001 0000021491
002 000023295
005 20071224.0
020 |a 0721407897 
090 0 0 |a JF   |b COO 
100 1 |a Cooper, James Fenimore 
245 1 4 |a The last of the Mohicans   |c James Fenimore Cooper ; illustrated by Frank Humphris 
260 |a Loughborough :   |b Ladybird Books ,   |c 19--? 
300 |a 51 p. :   |b ill. ;   |c 17 cm. 
490 0 |a Ladybird children's classics 
650 0 0 |a Children's stories 
700 1 |a Humphris, Frank ,   |e illustrated 
999 |a 020148   |b BUKU   |c PINJAMAN   |e PERPUSTAKAAN KOMUNITI PETALING JAYA